| 000 | 00497nam a2200181 a 4500 | ||
|---|---|---|---|
| 005 | 20140310183510.0 | ||
| 008 | 101021s19uu xx 00 eng d | ||
| 020 | _a978-007-128868-2 | ||
| 050 |
_aTK 5105 _b.G759 2010 |
||
| 100 | _aGross, Lynne Schafer | ||
| 245 |
_aElectronic media: _ban introduction. / _cLynne Schafer Gross |
||
| 260 |
_aBoston : _bMcGraw Hill, _c2010. |
||
| 300 |
_a442 p. : _c25 cm. |
||
| 521 | _aMC | ||
| 650 | _aMass media. | ||
| 942 |
_cBK _2lcc _kFOR |
||
| 999 |
_c24157 _d24157 |
||